000 00225nam a22000857a 4500
008 170111b xxu||||| |||| 00| 0 eng d
100 _92309
_aKeith. S
245 _aFrank Social Sciences-7
260 _aNew Delhi
_bFrank Brothers
_c2005
999 _c5227
_d5227